<?xml version="1.0" encoding="UTF-8"?>
<collection xmlns="http://www.loc.gov/MARC21/slim">
 <record>
  <leader>06733cam a2201165   4500</leader>
  <controlfield tag="001">529517744</controlfield>
  <controlfield tag="003">DE-627</controlfield>
  <controlfield tag="005">20241206135602.0</controlfield>
  <controlfield tag="007">tu</controlfield>
  <controlfield tag="008">070523s2009    gw ||||| m    00| ||ger c</controlfield>
  <datafield tag="015" ind1=" " ind2=" ">
   <subfield code="a">07,N23,1357</subfield>
   <subfield code="2">dnb</subfield>
  </datafield>
  <datafield tag="015" ind1=" " ind2=" ">
   <subfield code="a">07,N23,1357</subfield>
   <subfield code="2">dnb</subfield>
  </datafield>
  <datafield tag="016" ind1="7" ind2=" ">
   <subfield code="a">984188754</subfield>
   <subfield code="2">DE-101</subfield>
  </datafield>
  <datafield tag="020" ind1=" " ind2=" ">
   <subfield code="a">3777437751</subfield>
   <subfield code="c">Pp. : ca. EUR 85.00, ca. sfr 134.00</subfield>
   <subfield code="9">3-7774-3775-1</subfield>
  </datafield>
  <datafield tag="020" ind1=" " ind2=" ">
   <subfield code="a">9783777437750</subfield>
   <subfield code="c"> : Pp. : ca. EUR 85.00, ca. sfr 134.00</subfield>
   <subfield code="9">978-3-7774-3775-0</subfield>
  </datafield>
  <datafield tag="024" ind1="3" ind2=" ">
   <subfield code="a">9783777437750</subfield>
  </datafield>
  <datafield tag="035" ind1=" " ind2=" ">
   <subfield code="a">(DE-627)529517744</subfield>
  </datafield>
  <datafield tag="035" ind1=" " ind2=" ">
   <subfield code="a">(DE-576)265859867</subfield>
  </datafield>
  <datafield tag="035" ind1=" " ind2=" ">
   <subfield code="a">(DE-599)DNB984188754</subfield>
  </datafield>
  <datafield tag="035" ind1=" " ind2=" ">
   <subfield code="a">(OCoLC)1461756462</subfield>
  </datafield>
  <datafield tag="035" ind1=" " ind2=" ">
   <subfield code="a">(OCoLC)315694181</subfield>
  </datafield>
  <datafield tag="035" ind1=" " ind2=" ">
   <subfield code="a">(OCoLC)1078776626</subfield>
  </datafield>
  <datafield tag="040" ind1=" " ind2=" ">
   <subfield code="a">DE-627</subfield>
   <subfield code="b">ger</subfield>
   <subfield code="c">DE-627</subfield>
   <subfield code="e">rakwb</subfield>
  </datafield>
  <datafield tag="041" ind1=" " ind2=" ">
   <subfield code="a">ger</subfield>
  </datafield>
  <datafield tag="044" ind1=" " ind2=" ">
   <subfield code="c">XA-DE-BY</subfield>
  </datafield>
  <datafield tag="050" ind1=" " ind2="0">
   <subfield code="a">NA4870</subfield>
  </datafield>
  <datafield tag="050" ind1=" " ind2="0">
   <subfield code="a">NA4870</subfield>
  </datafield>
  <datafield tag="082" ind1="0" ind2=" ">
   <subfield code="a">700</subfield>
   <subfield code="q">BSZ</subfield>
  </datafield>
  <datafield tag="082" ind1="0" ind2="4">
   <subfield code="a">720</subfield>
  </datafield>
  <datafield tag="082" ind1="0" ind2="4">
   <subfield code="a">700</subfield>
  </datafield>
  <datafield tag="084" ind1=" " ind2=" ">
   <subfield code="a">9,10</subfield>
   <subfield code="2">ssgn</subfield>
  </datafield>
  <datafield tag="084" ind1=" " ind2=" ">
   <subfield code="a">LN 79703</subfield>
   <subfield code="q">BVB</subfield>
   <subfield code="2">rvk</subfield>
   <subfield code="0">(DE-625)rvk/102233:157</subfield>
  </datafield>
  <datafield tag="084" ind1=" " ind2=" ">
   <subfield code="a">LN 81300</subfield>
   <subfield code="q">BVB</subfield>
   <subfield code="2">rvk</subfield>
   <subfield code="0">(DE-625)rvk/102306:</subfield>
  </datafield>
  <datafield tag="084" ind1=" " ind2=" ">
   <subfield code="a">LN 63112</subfield>
   <subfield code="2">rvk</subfield>
   <subfield code="0">(DE-625)rvk/102121:13313</subfield>
  </datafield>
  <datafield tag="084" ind1=" " ind2=" ">
   <subfield code="a">LN 79601</subfield>
   <subfield code="2">rvk</subfield>
   <subfield code="0">(DE-625)rvk/102223:155</subfield>
  </datafield>
  <datafield tag="084" ind1=" " ind2=" ">
   <subfield code="a">21.70</subfield>
   <subfield code="2">bkl</subfield>
  </datafield>
  <datafield tag="100" ind1="1" ind2=" ">
   <subfield code="a">Dobler, Ralph-Miklas</subfield>
   <subfield code="d">1974-</subfield>
   <subfield code="0">(DE-588)137758928</subfield>
   <subfield code="0">(DE-627)595601790</subfield>
   <subfield code="0">(DE-576)305086456</subfield>
   <subfield code="4">aut</subfield>
  </datafield>
  <datafield tag="245" ind1="1" ind2="4">
   <subfield code="a">Die Juristenkapellen Rivaldi, Cerri und Antamoro</subfield>
   <subfield code="b">Form, Funktion und Intention römischer Familienkapellen im Sei- und Settecento</subfield>
   <subfield code="c">Ralph-Miklas Dobler</subfield>
  </datafield>
  <datafield tag="246" ind1="3" ind2="0">
   <subfield code="a">Seicento</subfield>
  </datafield>
  <datafield tag="250" ind1=" " ind2=" ">
   <subfield code="a">1. Aufl</subfield>
  </datafield>
  <datafield tag="264" ind1=" " ind2="1">
   <subfield code="a">München</subfield>
   <subfield code="b">Hirmer</subfield>
   <subfield code="c">2009</subfield>
  </datafield>
  <datafield tag="300" ind1=" " ind2=" ">
   <subfield code="a">254 S.</subfield>
   <subfield code="b">Ill.</subfield>
   <subfield code="c">300 mm x 225 mm</subfield>
  </datafield>
  <datafield tag="336" ind1=" " ind2=" ">
   <subfield code="a">Text</subfield>
   <subfield code="b">txt</subfield>
   <subfield code="2">rdacontent</subfield>
  </datafield>
  <datafield tag="337" ind1=" " ind2=" ">
   <subfield code="a">ohne Hilfsmittel zu benutzen</subfield>
   <subfield code="b">n</subfield>
   <subfield code="2">rdamedia</subfield>
  </datafield>
  <datafield tag="338" ind1=" " ind2=" ">
   <subfield code="a">Band</subfield>
   <subfield code="b">nc</subfield>
   <subfield code="2">rdacarrier</subfield>
  </datafield>
  <datafield tag="490" ind1="1" ind2=" ">
   <subfield code="a">Römische Studien der Bibliotheca Hertziana</subfield>
   <subfield code="v">Bd. 22</subfield>
  </datafield>
  <datafield tag="490" ind1="0" ind2=" ">
   <subfield code="a">Veröffentlichungen der Bibliotheca Hertziana, Max-Planck-Institut für Kunstgeschichte in Rom</subfield>
  </datafield>
  <datafield tag="500" ind1=" " ind2=" ">
   <subfield code="a">Literaturverz. S. 233 - 252</subfield>
  </datafield>
  <datafield tag="502" ind1=" " ind2=" ">
   <subfield code="a">Teilw. zugl.: Berlin, Freie Univ., Diss., 2004</subfield>
  </datafield>
  <datafield tag="583" ind1="1" ind2=" ">
   <subfield code="a">Archivierung/Langzeitarchivierung gewährleistet</subfield>
   <subfield code="f">SSG</subfield>
   <subfield code="x">XA-DE-BW</subfield>
   <subfield code="2">pdager</subfield>
   <subfield code="5">DE-16</subfield>
  </datafield>
  <datafield tag="583" ind1="1" ind2=" ">
   <subfield code="a">Archivierung prüfen</subfield>
   <subfield code="c">20241027</subfield>
   <subfield code="f">DE-4165</subfield>
   <subfield code="z">1</subfield>
   <subfield code="2">pdager</subfield>
  </datafield>
  <datafield tag="650" ind1=" " ind2="4">
   <subfield code="a">Chapels</subfield>
   <subfield code="x">Decoration</subfield>
   <subfield code="x">Italy</subfield>
   <subfield code="x">Rome</subfield>
  </datafield>
  <datafield tag="650" ind1=" " ind2="4">
   <subfield code="a">Church decoration and ornament</subfield>
   <subfield code="x">Italy</subfield>
   <subfield code="x">Rome</subfield>
   <subfield code="x">History</subfield>
   <subfield code="x">To 1500</subfield>
  </datafield>
  <datafield tag="655" ind1=" " ind2="7">
   <subfield code="a">Hochschulschrift</subfield>
   <subfield code="0">(DE-588)4113937-9</subfield>
   <subfield code="0">(DE-627)105825778</subfield>
   <subfield code="0">(DE-576)209480580</subfield>
   <subfield code="2">gnd-content</subfield>
  </datafield>
  <datafield tag="689" ind1="0" ind2="0">
   <subfield code="d">g</subfield>
   <subfield code="0">(DE-588)7656242-6</subfield>
   <subfield code="0">(DE-627)598889388</subfield>
   <subfield code="0">(DE-576)30609343X</subfield>
   <subfield code="a">Santa Maria della Pace</subfield>
   <subfield code="g">Rom</subfield>
   <subfield code="g">Cappella Rivaldi</subfield>
   <subfield code="2">gnd</subfield>
  </datafield>
  <datafield tag="689" ind1="0" ind2=" ">
   <subfield code="5">DE-101</subfield>
  </datafield>
  <datafield tag="689" ind1="1" ind2="0">
   <subfield code="d">g</subfield>
   <subfield code="0">(DE-588)7656241-4</subfield>
   <subfield code="0">(DE-627)59888937X</subfield>
   <subfield code="0">(DE-576)306093421</subfield>
   <subfield code="a">Il Gesù</subfield>
   <subfield code="g">Rom</subfield>
   <subfield code="g">Cappella Cerri</subfield>
   <subfield code="2">gnd</subfield>
  </datafield>
  <datafield tag="689" ind1="1" ind2=" ">
   <subfield code="5">DE-101</subfield>
  </datafield>
  <datafield tag="689" ind1="2" ind2="0">
   <subfield code="d">g</subfield>
   <subfield code="0">(DE-588)4798609-8</subfield>
   <subfield code="0">(DE-627)461997878</subfield>
   <subfield code="0">(DE-576)216503884</subfield>
   <subfield code="a">San Girolamo della Carità</subfield>
   <subfield code="g">Rom</subfield>
   <subfield code="g">Cappella Antamoro</subfield>
   <subfield code="2">gnd</subfield>
  </datafield>
  <datafield tag="689" ind1="2" ind2=" ">
   <subfield code="5">DE-101</subfield>
  </datafield>
  <datafield tag="689" ind1="3" ind2="0">
   <subfield code="d">g</subfield>
   <subfield code="0">(DE-588)7656242-6</subfield>
   <subfield code="0">(DE-627)598889388</subfield>
   <subfield code="0">(DE-576)30609343X</subfield>
   <subfield code="a">Santa Maria della Pace</subfield>
   <subfield code="g">Rom</subfield>
   <subfield code="g">Cappella Rivaldi</subfield>
   <subfield code="2">gnd</subfield>
  </datafield>
  <datafield tag="689" ind1="3" ind2=" ">
   <subfield code="5">(DE-627)</subfield>
  </datafield>
  <datafield tag="689" ind1="4" ind2="0">
   <subfield code="d">g</subfield>
   <subfield code="0">(DE-588)7656241-4</subfield>
   <subfield code="0">(DE-627)59888937X</subfield>
   <subfield code="0">(DE-576)306093421</subfield>
   <subfield code="a">Il Gesù</subfield>
   <subfield code="g">Rom</subfield>
   <subfield code="g">Cappella Cerri</subfield>
   <subfield code="2">gnd</subfield>
  </datafield>
  <datafield tag="689" ind1="4" ind2=" ">
   <subfield code="5">(DE-627)</subfield>
  </datafield>
  <datafield tag="689" ind1="5" ind2="0">
   <subfield code="d">g</subfield>
   <subfield code="0">(DE-588)4798609-8</subfield>
   <subfield code="0">(DE-627)461997878</subfield>
   <subfield code="0">(DE-576)216503884</subfield>
   <subfield code="a">San Girolamo della Carità</subfield>
   <subfield code="g">Rom</subfield>
   <subfield code="g">Cappella Antamoro</subfield>
   <subfield code="2">gnd</subfield>
  </datafield>
  <datafield tag="689" ind1="5" ind2=" ">
   <subfield code="5">(DE-627)</subfield>
  </datafield>
  <datafield tag="689" ind1="6" ind2="0">
   <subfield code="d">g</subfield>
   <subfield code="0">(DE-588)7656242-6</subfield>
   <subfield code="0">(DE-627)598889388</subfield>
   <subfield code="0">(DE-576)30609343X</subfield>
   <subfield code="a">Santa Maria della Pace</subfield>
   <subfield code="g">Rom</subfield>
   <subfield code="g">Cappella Rivaldi</subfield>
   <subfield code="2">gnd</subfield>
  </datafield>
  <datafield tag="689" ind1="6" ind2="1">
   <subfield code="d">s</subfield>
   <subfield code="0">(DE-588)4029551-5</subfield>
   <subfield code="0">(DE-627)104791578</subfield>
   <subfield code="0">(DE-576)208983074</subfield>
   <subfield code="a">Kapelle</subfield>
   <subfield code="2">gnd</subfield>
  </datafield>
  <datafield tag="689" ind1="6" ind2=" ">
   <subfield code="5">(DE-627)</subfield>
  </datafield>
  <datafield tag="689" ind1="7" ind2="0">
   <subfield code="d">g</subfield>
   <subfield code="0">(DE-588)7656241-4</subfield>
   <subfield code="0">(DE-627)59888937X</subfield>
   <subfield code="0">(DE-576)306093421</subfield>
   <subfield code="a">Il Gesù</subfield>
   <subfield code="g">Rom</subfield>
   <subfield code="g">Cappella Cerri</subfield>
   <subfield code="2">gnd</subfield>
  </datafield>
  <datafield tag="689" ind1="7" ind2=" ">
   <subfield code="5">(DE-627)</subfield>
  </datafield>
  <datafield tag="689" ind1="8" ind2="0">
   <subfield code="d">g</subfield>
   <subfield code="0">(DE-588)4798609-8</subfield>
   <subfield code="0">(DE-627)461997878</subfield>
   <subfield code="0">(DE-576)216503884</subfield>
   <subfield code="a">San Girolamo della Carità</subfield>
   <subfield code="g">Rom</subfield>
   <subfield code="g">Cappella Antamoro</subfield>
   <subfield code="2">gnd</subfield>
  </datafield>
  <datafield tag="689" ind1="8" ind2=" ">
   <subfield code="5">(DE-627)</subfield>
  </datafield>
  <datafield tag="751" ind1=" " ind2=" ">
   <subfield code="a">Berlin</subfield>
   <subfield code="0">(DE-588)4005728-8</subfield>
   <subfield code="0">(DE-627)10482638X</subfield>
   <subfield code="0">(DE-576)208862560</subfield>
   <subfield code="4">uvp</subfield>
  </datafield>
  <datafield tag="787" ind1="0" ind2="8">
   <subfield code="i">Rezensiert in</subfield>
   <subfield code="a">Hecht, Christian, 1965 - </subfield>
   <subfield code="t">[Rezension von: Ralph-Miklas Dobler, Die Juristenkapellen Rivaldi, Cerri und Antamoro. Form, Funktion und Intention römischer Familienkapellen im Sei- und Settecento]</subfield>
   <subfield code="d">2011</subfield>
   <subfield code="w">(DE-627)1850782717</subfield>
  </datafield>
  <datafield tag="787" ind1="0" ind2="8">
   <subfield code="i">Rezensiert in</subfield>
   <subfield code="a">Tillmann, Annika, 1978 - </subfield>
   <subfield code="t">[Rezension von: Ralph-Miklas Dobler, Die Juristenkapellen Rivaldi, Cerri und Antamoro]</subfield>
   <subfield code="d">2010</subfield>
   <subfield code="w">(DE-627)1911148885</subfield>
  </datafield>
  <datafield tag="810" ind1="2" ind2=" ">
   <subfield code="a">Bibliotheca Hertziana</subfield>
   <subfield code="g">Rom</subfield>
   <subfield code="t">Römische Studien der Bibliotheca Hertziana</subfield>
   <subfield code="v">22</subfield>
   <subfield code="9">22</subfield>
   <subfield code="w">(DE-627)129154059</subfield>
   <subfield code="w">(DE-576)010837469</subfield>
   <subfield code="w">(DE-600)49048-9</subfield>
   <subfield code="7">ns</subfield>
  </datafield>
  <datafield tag="856" ind1="4" ind2="2">
   <subfield code="u">https://swbplus.bsz-bw.de/bsz265859867rez.htm</subfield>
   <subfield code="m">B:DE-576;DE-16</subfield>
   <subfield code="q">application/pdf</subfield>
   <subfield code="v">20110112102216</subfield>
   <subfield code="x">Verlag</subfield>
   <subfield code="3">Rezension</subfield>
  </datafield>
  <datafield tag="856" ind1="4" ind2="2">
   <subfield code="u">https://swbplus.bsz-bw.de/bsz265859867rez-1.htm</subfield>
   <subfield code="m">B:DE-576;DE-16</subfield>
   <subfield code="q">application/pdf</subfield>
   <subfield code="v">20111206100715</subfield>
   <subfield code="x">Verlag</subfield>
   <subfield code="3">Rezension</subfield>
  </datafield>
  <datafield tag="856" ind1="4" ind2="2">
   <subfield code="u">https://swbplus.bsz-bw.de/bsz265859867inh.htm</subfield>
   <subfield code="m">B:DE-576;DE-16</subfield>
   <subfield code="q">application/pdf</subfield>
   <subfield code="v">20091103085923</subfield>
   <subfield code="x">Verlag</subfield>
   <subfield code="3">Inhaltsverzeichnis</subfield>
  </datafield>
  <datafield tag="856" ind1="4" ind2="2">
   <subfield code="u">http://www.sehepunkte.de/2010/12/17576.html</subfield>
   <subfield code="m">V:DE-576;X:Sehepunkte</subfield>
   <subfield code="q">text/html</subfield>
   <subfield code="v">20180413095415</subfield>
   <subfield code="3">Rezension</subfield>
  </datafield>
  <datafield tag="935" ind1=" " ind2=" ">
   <subfield code="i">Blocktest</subfield>
  </datafield>
  <datafield tag="936" ind1="r" ind2="v">
   <subfield code="a">LN 79703</subfield>
   <subfield code="b">Neuzeit (-1800)</subfield>
   <subfield code="k">Kunstgeschichte</subfield>
   <subfield code="k">Kunst nach Ländern bzw. Kontinenten</subfield>
   <subfield code="k">Italien</subfield>
   <subfield code="k">Italienische Kunstgeschichte nach Gattungen</subfield>
   <subfield code="k">Architektur</subfield>
   <subfield code="k">Ordnung nach Aufgaben</subfield>
   <subfield code="k">Grabbauten, Friedhöfe</subfield>
   <subfield code="k">Neuzeit (-1800)</subfield>
   <subfield code="0">(DE-627)1272404587</subfield>
   <subfield code="0">(DE-625)rvk/102233:157</subfield>
   <subfield code="0">(DE-576)202404587</subfield>
  </datafield>
  <datafield tag="936" ind1="r" ind2="v">
   <subfield code="a">LN 81300</subfield>
   <subfield code="b">Grabplastik</subfield>
   <subfield code="k">Kunstgeschichte</subfield>
   <subfield code="k">Kunst nach Ländern bzw. Kontinenten</subfield>
   <subfield code="k">Italien</subfield>
   <subfield code="k">Italienische Kunstgeschichte nach Gattungen</subfield>
   <subfield code="k">Skulptur (Plastik)</subfield>
   <subfield code="k">Skulptur nach Gegenständen</subfield>
   <subfield code="k">Grabplastik</subfield>
   <subfield code="0">(DE-627)1271159686</subfield>
   <subfield code="0">(DE-625)rvk/102306:</subfield>
   <subfield code="0">(DE-576)201159686</subfield>
  </datafield>
  <datafield tag="936" ind1="r" ind2="v">
   <subfield code="a">LN 63112</subfield>
   <subfield code="b">Kirchen, Kathedralen</subfield>
   <subfield code="k">Kunstgeschichte</subfield>
   <subfield code="k">Kunst nach Ländern bzw. Kontinenten</subfield>
   <subfield code="k">Italien</subfield>
   <subfield code="k">Kunsttopografie Italiens</subfield>
   <subfield code="k">Alphabetische Liste der italienischen Orte</subfield>
   <subfield code="k">Orte R</subfield>
   <subfield code="k">Rom</subfield>
   <subfield code="k">Kirchen, Kathedralen</subfield>
   <subfield code="0">(DE-627)1270651390</subfield>
   <subfield code="0">(DE-625)rvk/102121:13313</subfield>
   <subfield code="0">(DE-576)200651390</subfield>
  </datafield>
  <datafield tag="936" ind1="r" ind2="v">
   <subfield code="a">LN 79601</subfield>
   <subfield code="b">Spätantike, Frühmittelalter (-1000)</subfield>
   <subfield code="k">Kunstgeschichte</subfield>
   <subfield code="k">Kunst nach Ländern bzw. Kontinenten</subfield>
   <subfield code="k">Italien</subfield>
   <subfield code="k">Italienische Kunstgeschichte nach Gattungen</subfield>
   <subfield code="k">Architektur</subfield>
   <subfield code="k">Ordnung nach Aufgaben</subfield>
   <subfield code="k">Sakrale Architektur</subfield>
   <subfield code="k">Sakrale Architektur</subfield>
   <subfield code="k">Spätantike, Frühmittelalter (-1000)</subfield>
   <subfield code="0">(DE-627)1271809230</subfield>
   <subfield code="0">(DE-625)rvk/102223:155</subfield>
   <subfield code="0">(DE-576)201809230</subfield>
  </datafield>
  <datafield tag="936" ind1="b" ind2="k">
   <subfield code="a">21.70</subfield>
   <subfield code="j">Geschichte der Sakralbaukunst</subfield>
   <subfield code="0">(DE-627)106421255</subfield>
  </datafield>
  <datafield tag="951" ind1=" " ind2=" ">
   <subfield code="a">BO</subfield>
  </datafield>
  <datafield tag="990" ind1=" " ind2=" ">
   <subfield code="a">Santa Maria della Pace</subfield>
  </datafield>
  <datafield tag="990" ind1=" " ind2=" ">
   <subfield code="a">Il Gesù</subfield>
  </datafield>
  <datafield tag="990" ind1=" " ind2=" ">
   <subfield code="a">San Girolamo della Carità</subfield>
  </datafield>
  <datafield tag="990" ind1=" " ind2=" ">
   <subfield code="a">Santa Maria della Pace</subfield>
  </datafield>
  <datafield tag="990" ind1=" " ind2=" ">
   <subfield code="a">Il Gesù</subfield>
  </datafield>
  <datafield tag="990" ind1=" " ind2=" ">
   <subfield code="a">San Girolamo della Carità</subfield>
  </datafield>
  <datafield tag="990" ind1=" " ind2=" ">
   <subfield code="a">Santa Maria della Pace</subfield>
  </datafield>
  <datafield tag="990" ind1=" " ind2=" ">
   <subfield code="a">Kapelle</subfield>
  </datafield>
  <datafield tag="990" ind1=" " ind2=" ">
   <subfield code="a">Il Gesù</subfield>
  </datafield>
  <datafield tag="990" ind1=" " ind2=" ">
   <subfield code="a">San Girolamo della Carità</subfield>
  </datafield>
  <datafield tag="991" ind1=" " ind2=" ">
   <subfield code="a">Rezensiertes Werk</subfield>
  </datafield>
  <datafield tag="999" ind1=" " ind2=" ">
   <subfield code="a">KXP-PPN529517744</subfield>
   <subfield code="e">4399237880</subfield>
  </datafield>
 </record>
</collection>
